Представление документа в формате MARC21

Поле Инд. ПП Название Значение
Тип записи a
Библиографический уровень m
001 Контрольный номер RU/IS/BASE/481379626
005 Дата корректировки 20260605110809.8
097 b Оператор *Ольга*
100 1_ a Автор Перепелица Н.М.
245 10 a Заглавие Теоретические основы товароведения : методические указания по выполнению практических работ (направление 100700.62 Торговое дело)
b Продолж. заглавия в составе учебно-методического комплекса
c Ответственность Тверской гос. техн. ун-т, Каф. МЕН
260 a Место издания Тверь
b Издательство ТвГТУ
c Дата издания 2012
440 _0 a Серия УМК-П
500 a Примечание 20/2015
516 8_ a Прим. о типе комп. файла/ данных Текст : электронный
535 1_ a Хранилище Сервер
583 a Действие Приписка : УМК
655 a Жанр/ форма (устаревшее) М
773 18 w Контрольный № источника RU/IS/BASE/479311781
w Контрольный № источника 7139e65dd9664182b91d548154fa751d
900 a Имя макрообъекта 001-000107771-000000000-0000-0000-01
901 t Тип документа m
905 a Дата создания записи 03.04.15
c Дата приписки 05.06.26
922 c Кафедра Менеджмент
951 i EL-ТГТУ? Да
952 g 1
990 j Количество экземпляров (DOS) 1